Определение показаний к ангиолизу у больных с повреждениями плечевого сплетения (Запись № 653884)

Подробности
000 -МАРКЕР
контрольное поле 01528nam0a2200277 4500
001 - ИДЕНТИФИКАТОР ЗАПИСИ
контрольное поле RU\NLR\bibl\117512
005 - ИДЕНТИФИКАТОР ВЕРСИИ
контрольное поле 20260407021508.0
035 ## - ДРУГИЕ СИСТЕМНЫЕ НОМЕРА
Идентификатор записи (NLR Aleph) 000115087
100 ## - ДАННЫЕ ОБЩЕЙ ОБРАБОТКИ
Данные общей обработки 20001113d1996 |||y0rusy50 ca
101 0# - ЯЗЫК РЕСУРСА
Язык текста, звукозаписи и т.д. русский
102 ## - СТРАНА ПУБЛИКАЦИИ ИЛИ ПРОИЗВОДСТВА
Страна публикации российская федерация
105 ## - ПОЛЕ КОДИРОВАННЫХ ДАННЫХ: ТЕКСТОВЫЕ МАТЕРИАЛЫ, МОНОГРАФИЧЕСКИЕ
Кодированные данные о монографическом текстовом документе y |||||||||
200 1# - ЗАГЛАВИЕ И СВЕДЕНИЯ ОБ ОТВЕТСТВЕННОСТИ
Основное заглавие Определение показаний к ангиолизу у больных с повреждениями плечевого сплетения
Сведения, относящиеся к заглавию Метод. рек. N 96/153
Первые сведения об ответственности М-во здравоохранения и мед. пром-сти Рос. Федерации, [Рос. науч. исслед. нейрохирург. ин-т им. проф. А.Л. Поленова
Последующие сведения об ответственности Подгот. проф. В.П. Берснев и др.]
210 ## - ПУБЛИКАЦИЯ, РАСПРОСТРАНЕНИЕ И ДР.
Место издания, распространения и т.д. СПб.
Имя издателя, распространителя и т. д. РНХИ
Дата издания, распространения и т.д. 1996
215 ## - ФИЗИЧЕСКАЯ ХАРАКТЕРИСТИКА
Специфическое обозначение материала и объем 10 с.
Размеры 20
606 0# - НАИМЕНОВАНИЕ ТЕМЫ КАК ПРЕДМЕТ
Наименование темы Плечевое сплетение
Формальный подзаголовок Методические пособия
Тематический подзаголовок Травмы
-- Хирургическое лечение
-- Применение ангиолиза
Системный номер авторитетной/нормативной записи 2185201
Идентификатор авторитетной/нормативной записи RU\NLR\auth\661313833
686 ## - ИНДЕКСЫ ДРУГИХ КЛАССИФИКАЦИЙ
Индекс Р638.595-59я8
702 #1 - ИМЯ ЛИЦА - ВТОРИЧНАЯ ОТВЕТСТВЕННОСТЬ
Код отношения Составитель
Материалы, к которым относится поле rus
Графика поля Кириллица
Начальный элемент ввода Берснев
Часть имени, кроме начального элемента ввода В.П.
Даты 1939 -
Расширение инициалов личного имени Валерий Павлович
Идентификатор авторитетной/нормативной записи RU\NLR\auth\7727368
Системный номер авторитетной/нормативной записи 10402
712 12 - НАИМЕНОВАНИЕ ОРГАНИЗАЦИИ - ВТОРИЧНАЯ ОТВЕТСТВЕННОСТЬ
Код отношения Прочие
Материалы, к которым относится поле ger
Начальный элемент ввода Fortbuldungstagung für Fachreferentinnen und Fachreferenten des Wirtschaftswissenschaften
Порядковый номер временной организации и / или порядковый номер ее части 5
Дата проведения временной организации 2006
Место проведения временной организации Köln
Графика поля Латинская
Идентификатор авторитетной/нормативной записи RU\NLR\AUTH\8810006462
Системный номер авторитетной/нормативной записи 510436
801 #0 - ИСТОЧНИК ЗАПИСИ
Страна российская федерация
Организация NLR
Дата составления 20001113
Правила каталогизации PSBO
801 #1 - ИСТОЧНИК ЗАПИСИ
Страна российская федерация
Организация NLR
Дата составления 20001113
852 ## - МЕСТОНАХОЖДЕНИЕ И ШИФР ХРАНЕНИЯ
Идентификатор организации NLR
Шифр хранения (Call Number) 2000-4/6866
942 ## - ДОПОЛНИТЕЛЬНЫЕ ЭЛЕМЕНТЫ ЗАПИСИ (АБИС)
Тип экземпляра АБИС Книга
980 ## - КОЛЛЕКЦИЯ
Название коллекции Национальная библиография
Экземпляры
Тип экземпляра Дата поступления Источник поступления Библиотека постоянного хранения Библиотека текущего хранения Место хранения Шифр хранения Штрих-код Статус не для выдачи
Книга 13.11.2000 Дар РНБ (Московский) РНБ (Московский) Русский книжный фонд: издания с 1957 года, 8этаж 2000-4/6866 80957